00533nam a2200169Ia 4500003000400000008004100004040001600045082001600061100002000077245011500097700002300212260004800235300001000283650001000293650002600303650003400329GCL140319s9999 xx 000 0 eng d aGCL / cGCL04a658.45bN K1 aNONAKO, IKUJIRO10aTHE KNOWLEDGE - CREATING COMPANY: HOW JAPANESE COMPANIES CREAT THE DYNAMICS OF INNOVATIONS / cNONAKO, IKUJIRO1 aTAKEUCHI, HIROTAKA a[S.N] : bOXFORD UNIVERSITY PRESS ، c1995 a348 P04aJAPAN04aINDUSTRIAL MANAGEMENT04aCOMMUNICATION IN ORGANIZATION